000 00589nam a22002297a 4500
003 UA-OsUOA
001 51841
007 ta
008 20080123b un ||||| |||| 00| 0 ukr d
100 _aПопенко В.
090 _a82-1
_bП57
942 _cBK
040 _aUA-OsUOA
_bukr
_cUA-OsUOA
_dUA-OsUOA
245 _aДорогобуж
_bВірші. Поеми
300 _a62 с.
955 _a2
041 _aukr
080 _a82-1
260 _aРівне
_bАзалія
_c1997
650 7 _a82 Література. Літературознавство
_2UDC
999 _c337878
_d337878